UBT Library

SOFTWARE REUSABILITY (Record no. 14232)

000 -LEADER
fixed length control field 00285nam a22001337a 4500
008 - FIXED-LENGTH DATA ELEMENTS--GENERAL INFORMATION
fixed length control field 170525b xxu||||| |||| 00| 0 eng d
020 ## - INTERNATIONAL STANDARD BOOK NUMBER
International Standard Book Number 0818603100
041 ## - LANGUAGE CODE
Language code of text/sound track or separate title eng
080 ## - UNIVERSAL DECIMAL CLASSIFICATION NUMBER
Universal Decimal Classification number 62
100 ## - Rafti
Rafti 26
101 ## - Shkurtesa
Shkurtesa IM
245 ## - TITLE STATEMENT
Title SOFTWARE REUSABILITY
Statement of responsibility, etc FREEMAN, P
942 ## - ADDED ENTRY ELEMENTS (KOHA)
Source of classification or shelving scheme
Item type Books

No items available.

UBT Library © 2015-2024. All rights reserved University Education for Business and Technology